000 02228nam a22003857a 4500
005 20240530110338.0
008 141023s2010 ua pf fr 000 0dara d
017 _a16853/2009
020 _a9771025368
040 _aEG-CaGPL
082 0 4 _221
_a739\
_bن م
100 0 _aنبيل على يوسف
_eمؤلف
245 1 0 _aموسوعة التحف المعدنية الاسلامية /
_cنبيل على يوسف
_nالمجلد الاول ،
_pايران منذ ما قبل الاسلام وحتى نهاية العصر الصفوى
_nالمجلد الثانى ،
_pمصر منذ ما قبل الفتح الاسلامى وحتى نهاية العصر المملوكى
_nالمجلد الثالث ،
_pبلاد الشام منذ ما قبل الاسلام وحتى نهاية العصر المملوكى
250 _aط 1
260 _aالقاهرة :
_bدار الفكر العربى ،
_c2010
300 _a400 ص :
_bايض ؛
_c24 سم
650 0 4 _aاشغال المعادن
_yالعصر المملوكى
_zبلاد الشام
650 0 4 _aالاسلحة المعدنية
_yالعصر المملوكى
_zسوريا
650 0 4 _aمحارق البخور
650 0 4 _aاشغال المعادن
_yعصر ما قبل الاسلام
_zبلاد الشام
650 0 4 _aاشغال الفضه
_yعصر ما قبل الاسلام
_zبلاد الشام
650 0 4 _aاشغال الذهب
_yعصر ما قبل الاسلام
_zبلاد الشام
650 0 4 _aاشغال المعادن
_yالعصر الاموى
_zبلاد الشام
650 0 4 _aاشغال المعادن
_yالعصر السلجوقى
_zايران
650 0 4 _aالفن الاسلامى
_xتاريخ
_yالعصر الاموى
650 0 4 _aالاسلحة
_yالعصر الاموى
650 0 4 _aالجامع الاموى الكبير
650 0 4 _aاشغال المعادن
_yالعصر الفاطمى
_zبلاد الشام
650 0 4 _aالحلى
_zبلاد الشام
650 0 4 _aالاباريق
650 0 4 _aاشغال المعادن
_yالعصر الايوبى
_zسوريا
650 0 4 _aاشغال المعادن
_yالعصر الايوبى
_zبلاد الشام
942 _2ddc
_cBK
999 _c59832
_d59832